Povinné nahlasovanie voľného pracovného miesta
Zamesntávateľ si môže vyberať nového zamestnanca vlastným vývberom, alebo pomocou Úradu práce, sociálnych vecí a rodiny po celom území SR.
Salvato in:
| Autore principale: | |
|---|---|
| Natura: | Capitolo di libro |
| Lingua: | slovacco |
| Soggetti: | |
| Tags: |
Nessun Tag, puoi essere il primo ad aggiungerne!!
|
MARC
| LEADER | 00000naa a2200000 4500 | ||
|---|---|---|---|
| 001 | 0288110 | ||
| 005 | 20240417075215.7 | ||
| 041 | 0 | |a slo | |
| 044 | |a SK | ||
| 245 | 1 | 0 | |a Povinné nahlasovanie voľného pracovného miesta |c Stanislava Žáková |
| 520 | |a Zamesntávateľ si môže vyberať nového zamestnanca vlastným vývberom, alebo pomocou Úradu práce, sociálnych vecí a rodiny po celom území SR. | ||
| 610 | 2 | 0 | |a zamestnávatelia |
| 610 | 2 | 0 | |a zamestnanci |
| 610 | 2 | 0 | |a úrady |
| 610 | 2 | 0 | |a výber pracovníkov |
| 610 | 2 | 0 | |a povinnosť oznamovacia |
| 610 | 2 | 0 | |a povinnosti zamestnávateľov |
| 100 | 1 | |a Žáková, Stanislava | |